000 00271nam a2200097Ia 4500
008 220204s9999 xx 000 0 und d
082 _a331:631.96
_bILO
245 0 _aCommittee work on planatations fourth session report I and II
260 _aGeneva
_bILO
_c1961
942 _cBK
999 _c20079
_d20079